000 00765nam a22002177a 4500
999 _c5295
_d5295
003 AR-CdUCM
008 190312b ||||| |||| 00| 0 spa d
040 _aMUNICIPALIDAD PROVINCIAL DEL CUSCO
_cBIBLIOTECA MUNICIPAL DEL CUSCO
082 _a947 /
_bSE44
100 _aSeton, Hugh
_916008
245 _aEl nuevo Imperialismo /
260 _aMéxico :
_bF. Trillas, S.A
_c1963.
300 _a16 páginas ;
_c21 cm.
505 _aContenido : Agricultura en la economia soviética -- Afroasiaticos -- Albania -- Alemanes en provincias bálticas -- Alemania -- Alfabetismo, Progresos...
650 _aNeo Imperialismo
_916009
650 _aBolchevique
_916010
650 _aHistoria Europea
_916011
700 _aWatson
_916012
942 _2ddc
_cLIBROS
945 _artm